Online katalóg knižníc regiónu Turca

Poludienok ; Večera (Record no. 21389)

MARC details
000 -LEADER
fixed length control field 01346nam a2200385 a 4500
001 - CONTROL NUMBER
control field 21389
003 - CONTROL NUMBER IDENTIFIER
control field VRT
005 - DATE AND TIME OF LATEST TRANSACTION
control field 20260228132213.0
008 - FIXED-LENGTH DATA ELEMENTS--GENERAL INFORMATION
fixed length control field 251029s1952 xo slo
015 ## - NATIONAL BIBLIOGRAPHY NUMBER
National bibliography number SKSNBA19451955-004163
035 ## - SYSTEM CONTROL NUMBER
System control number SK01SNKBKSFS20010067312
035 ## - SYSTEM CONTROL NUMBER
System control number SKM000069775
039 #9 - LEVEL OF BIBLIOGRAPHIC CONTROL AND CODING DETAIL [OBSOLETE]
Level of rules in bibliographic description 202510291225
Level of effort used to assign nonsubject heading access points VLOAD
Level of effort used to assign subject headings 202109301316
Level of effort used to assign classification msnk115
Level of effort used to assign subject headings 201811091542
Level of effort used to assign classification VLOAD
Level of effort used to assign subject headings 201808131225
Level of effort used to assign classification VLOAD
040 ## - CATALOGING SOURCE
Original cataloging agency SNK
Language of cataloging slo
Transcribing agency SNK
Description conventions AACR2
041 0# - LANGUAGE CODE
Language code of text/sound track or separate title slo
044 ## - COUNTRY OF PUBLISHING/PRODUCING ENTITY CODE
MARC country code xo
ISO country code SK
080 ## - UNIVERSAL DECIMAL CLASSIFICATION NUMBER
Universal Decimal Classification number 885.4
Edition identifier 1981
100 1# - MAIN ENTRY--PERSONAL NAME
Personal name Hviezdoslav, Pavol Országh,
Dates associated with a name 1849-1921
Relationship aut
245 10 - TITLE STATEMENT
Title Poludienok ; Večera
Statement of responsibility, etc. Pavol Országh Hviezdoslav ; (uspor. St. Šmatlák)
260 ## - PUBLICATION, DISTRIBUTION, ETC.
Place of publication, distribution, etc. Bratislava
Name of publisher, distributor, etc. Smena
Date of publication, distribution, etc. 1952
Place of manufacture Martin
Manufacturer Stredoslovenské tlač.
300 ## - PHYSICAL DESCRIPTION
Extent 57, [2] s.
Dimensions V. 8°
490 0# - SERIES STATEMENT
Series statement Národná poézia
Volume/sequential designation sv. 3
505 0# - FORMATTED CONTENTS NOTE
Formatted contents note Slovníček
563 ## - BINDING INFORMATION
Binding note 7.500 výtlač.
655 #7 - INDEX TERM--GENRE/FORM
Genre/form data or focus term umelecká literatúra
Source of term SNKPH
655 #7 - INDEX TERM--GENRE/FORM
Genre/form data or focus term slovenská poézia
700 1# - ADDED ENTRY--PERSONAL NAME
Personal name Šmatlák, Stanislav,
Dates associated with a name 1925-2008
Relationship com
830 #0 - SERIES ADDED ENTRY--UNIFORM TITLE
Uniform title Národná poézia
942 ## - ADDED ENTRY ELEMENTS (KOHA)
Source of classification or shelving scheme Dewey Decimal Classification
Koha item type Krásna literatúra pre dospelých
Suppress in OPAC No
949 ## - LOCAL PROCESSING INFORMATION (OCLC)
6 273K0222515
a svkpoA 56784
b svkpo131595
949 ## - LOCAL PROCESSING INFORMATION (OCLC)
6 17A0888541
a snkSD 8191/3 D1
b snkD 201/63
949 ## - LOCAL PROCESSING INFORMATION (OCLC)
6 17A0888540
a snkSD 8191/3 D2
b snkF 7644/63
949 ## - LOCAL PROCESSING INFORMATION (OCLC)
6 273K0222516
a svkpoA 56784a
b svkpo135778
Holdings
Stav vyradenia Strata Poškodenie Spôsob nadobudnutia Domovská knižnica Aktuálna knižnica Dátum nadobudnutia Total checkouts Čiarový kód exemplára Date last seen Typ exemplára
      Dar Obecná knižnica Horná Štubňa Obecná knižnica Horná Štubňa 28.02.2026   4736201572 28.02.2026 Krásna literatúra pre dospelých
Projekt je podporený Slovenskou asociáciou knižníc
Prevádzkuje Turčianska knižnica Martin 2026